000 00399nam a2200133Ia 4500
008 231129s1996||||xx |||||||||||||| ||spa||
020 _a958-20-0269-7
082 _aCo863.6 O699m
100 _aOrjuela D. Celedonio.
245 0 _aMujeres y otros cuentos de riesgo
260 _c1996
264 _aBogotá : Cooperativa editorial Magisterio
942 _2ddc
_cBKS
999 _c21483
_d21483